00933 a2200193 45000010006000000050017000060080041000230030015000640400040000790800145001192450049002640200022003132640032003353000019003675050288003860410008006741000028006827000029007106400820260521160828.0260521a1989 arg spa dAR-UNSa-BCEJYS aAR-UNSa-BCEJYSbspacAR-UNSa-BCEJYS a658.012.4xGestión. Dirección. Autoridad. Técnicas y métodos de gestión (gestión del conocimiento, Outsourcing, Benchmarking...)10aLa innovación tecnológica y su gestión a978-84-267-0733-8 1aBarcelona :bMarcomboc1989 a130 p.c24 cm. a1. Investigación e innovación en la industria - 2. Enfoques teóricos de la innovación - 3. La empresa innovadora - 4. Calidad, normalización, certificación y homologación - 5. Tecnologías de la información e innovación - 6. Política industrial e innovación -  aspa1 aRuiz González, Manuel1 aMandado Pérez, Enrique